[Event "DFMMLV 2019"]
[Site "Braunfels"]
[Date "2019.06.21"]
[Round "2.20"]
[White "Fuchs, Emily"]
[Black "Ankerst, Milka"]
[Result "0-1"]
[WhiteElo "1384"]
[BlackElo "2005"]
[Annotator "NA RC"]
[PlyCount "54"]
[EventDate "2019.06.20"]
[EventType "team-tourn"]
[EventCountry "GER"]
[SourceTitle "playchess.com"]
[Source "ChessBase"]
[SourceQuality "1"]
[WhiteTeam "Saarland"]
[BlackTeam "Bayern 1"]
[TimeControl "40/5400+30:1800+30"]

1. e4 {[%emt 0:00:00]} c5 {[%emt 0:00:00]} 2. d4 {[%emt 0:00:00]} cxd4 {[%emt 0:00:01]} 3. c3 {[%emt 0:00:00]} d3 {[%emt 0:00:21]} 4. Bxd3 {[%emt 0:00:07]} Nc6 {[%emt 0:00:12]} 5. Nf3 {[%emt 0:00:54]} d6 {[%emt 0:01:03]} 6. Na3 {[%emt 0:04:07]} g6 {[%emt 0:01:40]} 7. O-O {[%emt 0:01:53]} Bg7 {[%emt 0:01:25]} 8. Be3 {[%emt 0:06:27]} Nf6 {[%emt 0:00:40]} 9. Nb5 {[%emt 0:02:59]} O-O {[%emt 0:00:36]} 10. Qe2 {[%emt 0:13:40]} Bd7 {[%emt 0:08:41]} 11. Rfd1 {[%emt 0:03:29]} a6 {[%emt 0:00:54]} 12. Nbd4 {[%emt 0:01:11]} Qc7 {[%emt 0:00:44]} 13. Rac1 {[%emt 0:03:36]} Rac8 {[%emt 0:03:21]} 14. b4 {[%emt 0:07:01]} Ng4 {[%emt 0:07:42]} 15. Bd2 {[%emt 0:04:38]} Nge5 {[%emt 0:13:58]} 16. b5 {[%emt 0:11:18]} Nxd3 {[%emt 0:02:29]} 17. Qxd3 {[%emt 0:00:29]} Ne5 {[%emt 0:00:40]} 18. Nxe5 {[%emt 0:03:25]} dxe5 {[%emt 0:00:38]} 19. b6 {[%emt 0:02:43]} Qxb6 {[%emt 0:01:07]} 20. Nf3 {[%emt 0:00:26]} Be6 {[%emt 0:03:14]} 21. a3 {[%emt 0:04:30]} Rfd8 {[%emt 0:01:15]} 22. Qe3 {[%emt 0:04:51]} Qxe3 {[%emt 0:03:59]} 23. Bxe3 {[%emt 0:00:13]} f6 {[%emt 0:02:02]} 24. Rxd8+ {[%emt 0:01:27]} Rxd8 {[%emt 0:00:02]} 25. h3 {[%emt 0:03:28]} Kf7 {[%emt 0:03:25]} 26. Nd2 {[%emt 0:03:25]} f5 {[%emt 0:01:04]} 27. f3 {[%emt 0:00:48]} f4 {[%emt 0:00:17]} 0-1

[Event "DFMMLV 2019"]
[Site "Braunfels"]
[Date "2019.06.21"]
[Round "2.21"]
[White "Mehling, Katharina"]
[Black "Huppert, Anna"]
[Result "1-0"]
[WhiteElo "1974"]
[BlackElo "1515"]
[Annotator "NA RC"]
[PlyCount "77"]
[EventDate "2019.06.20"]
[EventType "team-tourn"]
[EventCountry "GER"]
[SourceTitle "playchess.com"]
[Source "ChessBase"]
[SourceQuality "1"]
[WhiteTeam "Bayern 1"]
[BlackTeam "Saarland"]
[TimeControl "40/5400+30:1800+30"]

1. e4 {[%emt 0:00:00]} e6 {[%emt 0:00:00]} 2. d4 {[%emt 0:00:00]} d5 {[%emt 0:00:00]} 3. Nd2 {[%emt 0:00:00]} Nf6 {[%emt 0:00:00]} 4. e5 {[%emt 0:00:00]} Nfd7 {[%emt 0:00:00]} 5. Bd3 {[%emt 0:00:02]} c5 {[%emt 0:00:00]} 6. c3 {[%emt 0:00:09]} Nc6 {[%emt 0:00:00]} 7. Ne2 {[%emt 0:00:06]} cxd4 {[%emt 0:00:00]} 8. cxd4 {[%emt 0:00:05]} f6 {[%emt 0:00:04]} 9. exf6 {[%emt 0:00:17]} Nxf6 {[%emt 0:00:05]} 10. Nf3 {[%emt 0:00:27]} Bd6 {[%emt 0:00:13]} 11. O-O {[%emt 0:00:10]} Qc7 {[%emt 0:00:08]} 12. Nc3 {[%emt 0:00:35]} a6 {[%emt 0:00:06]} 13. Bd2 {[%emt 0:08:42]} Bd7 {[%emt 0:00:53]} 14. Rc1 {[%emt 0:08:47]} Rc8 {[%emt 0:01:26]} 15. Re1 {[%emt 0:05:42]} O-O {[%emt 0:00:27]} 16. Na4 {[%emt 0:10:44]} Rce8 {[%emt 0:11:20]} 17. Ne5 {[%emt 0:10:34]} Qb8 {[%emt 0:05:41]} 18. Nxd7 {[%emt 0:08:24]} Nxd7 {[%emt 0:00:11]} 19. Qh5 {[%emt 0:00:41]} Nf6 {[%emt 0:01:28]} 20. Qh4 {[%emt 0:01:22]} e5 {[%emt 0:03:24]} 21. dxe5 {[%emt 0:00:41]} Nxe5 {[%emt 0:00:49]} 22. Bb1 {[%emt 0:17:15]} Neg4 {[%emt 0:12:28]} 23. Bxh7+ {[%emt 0:07:23]} Nxh7 {[%emt 0:01:42]} 24. Qxg4 {[%emt 0:00:32]} Bxh2+ {[%emt 0:00:44]} 25. Kf1 {[%emt 0:01:38]} Rxe1+ {[%emt 0:02:35]} 26. Bxe1 {[%emt 0:01:44]} Nf6 {[%emt 0:02:46]} 27. Qe6+ {[%emt 0:00:12]} Kh8 {[%emt 0:02:52]} 28. Qh3+ {[%emt 0:02:24]} Nh7 {[%emt 0:00:36]} 29. Nc5 {[%emt 0:01:11]} Qc7 {[%emt 0:04:47]} 30. Rc3 {[%emt 0:03:40]} Qb6 {[%emt 0:08:01]} 31. Qxh2 {[%emt 0:04:15]} Rf6 {[%emt 0:03:25]} 32. Rh3 {[%emt 0:02:18]} Qb5+ {[%emt 0:00:54]} 33. Kg1 {[%emt 0:00:08]} Qxc5 {[%emt 0:00:54]} 34. Rxh7+ {[%emt 0:00:05]} Kg8 {[%emt 0:00:11]} 35. Rh8+ {[%emt 0:00:21]} Kf7 {[%emt 0:00:12]} 36. Qh5+ {[%emt 0:01:12]} Rg6 {[%emt 0:01:42]} 37. Bc3 {[%emt 0:01:01]} Qc6 {[%emt 0:01:58]} 38. Qf5+ {[%emt 0:00:33]} Ke7 {[%emt 0:00:29]} 39. Bb4+ {[%emt 0:00:45]} 1-0

[Event "DFMMLV 2019"]
[Site "Braunfels"]
[Date "2019.06.21"]
[Round "2.22"]
[White "Weinmann, Helene"]
[Black "Braun, Kristin"]
[Result "0-1"]
[WhiteElo "1522"]
[BlackElo "1895"]
[Annotator "NA RC"]
[PlyCount "100"]
[EventDate "2019.06.20"]
[EventType "team-tourn"]
[EventCountry "GER"]
[SourceTitle "playchess.com"]
[Source "ChessBase"]
[SourceQuality "1"]
[WhiteTeam "Saarland"]
[BlackTeam "Bayern 1"]
[TimeControl "40/5400+30:1800+30"]

1. d4 {[%emt 0:00:00]} Nf6 {[%emt 0:00:00]} 2. Nf3 {[%emt 0:00:00]} g6 {[%emt 0:00:00]} 3. Bf4 {[%emt 0:00:26]} Bg7 {[%emt 0:00:00]} 4. e3 {[%emt 0:00:19]} d6 {[%emt 0:00:00]} 5. c4 {[%emt 0:01:18]} O-O {[%emt 0:00:00]} 6. Nc3 {[%emt 0:00:49]} Nbd7 {[%emt 0:01:12]} 7. Bd3 {[%emt 0:01:00]} c5 {[%emt 0:03:26]} 8. O-O {[%emt 0:00:49]} Re8 {[%emt 0:04:08]} 9. Re1 {[%emt 0:00:55]} b6 {[%emt 0:07:34]} 10. d5 {[%emt 0:01:27]} Ng4 {[%emt 0:07:34]} 11. Rc1 {[%emt 0:04:37]} Nge5 {[%emt 0:04:04]} 12. Be2 {[%emt 0:01:37]} Nxf3+ {[%emt 0:01:35]} 13. Bxf3 {[%emt 0:00:17]} Ne5 {[%emt 0:00:05]} 14. Be2 {[%emt 0:00:30]} a6 {[%emt 0:06:02]} 15. e4 {[%emt 0:02:07]} Rb8 {[%emt 0:03:53]} 16. b3 {[%emt 0:00:39]} Bd7 {[%emt 0:08:13]} 17. Qd2 {[%emt 0:02:48]} b5 {[%emt 0:01:51]} 18. cxb5 {[%emt 0:03:05]} axb5 {[%emt 0:00:07]} 19. Nd1 {[%emt 0:04:24]} Ra8 {[%emt 0:02:15]} 20. Rc2 Qa5 {[%emt 0:00:41]} 21. Qxa5 {[%emt 0:01:55]} Rxa5 {[%emt 0:00:02]} 22. Bd2 {[%emt 0:01:38]} Ra7 {[%emt 0:01:35]} 23. Nc3 {[%emt 0:01:06]} b4 {[%emt 0:01:32]} 24. Nd1 {[%emt 0:02:29]} Rea8 {[%emt 0:00:21]} 25. Ne3 {[%emt 0:01:55]} h5 {[%emt 0:06:19]} 26. Nc4 {[%emt 0:00:42]} Nxc4 {[%emt 0:00:21]} 27. Bxc4 {[%emt 0:00:17]} Rxa2 {[%emt 0:00:12]} 28. Rxa2 {[%emt 0:00:14]} Rxa2 {[%emt 0:00:02]} 29. Be3 {[%emt 0:00:35]} Bc3 {[%emt 0:02:39]} 30. Rd1 {[%emt 0:00:59]} Bc8 {[%emt 0:02:08]} 31. Bb5 {[%emt 0:02:30]} Ba6 {[%emt 0:04:11]} 32. Bxa6 {[%emt 0:03:57]} Rxa6 {[%emt 0:00:02]} 33. g3 {[%emt 0:02:10]} Ra2 {[%emt 0:02:01]} 34. Rb1 {[%emt 0:00:23]} Kf8 {[%emt 0:00:53]} 35. Kg2 {[%emt 0:01:30]} Ke8 {[%emt 0:00:51]} 36. Kf3 {[%emt 0:00:25]} Kd7 {[%emt 0:00:56]} 37. h4 {[%emt 0:00:36]} Kc7 {[%emt 0:01:06]} 38. g4 {[%emt 0:00:52]} hxg4+ {[%emt 0:00:26]} 39. Kxg4 {[%emt 0:00:17]} Ra1 {[%emt 0:00:35]} 40. Rxa1 {[%emt 0:00:21]} Bxa1 {[%emt 0:00:01]} 41. Kg5 {[%emt 0:30:33]} c4 {[%emt 0:30:49]} 42. bxc4 {[%emt 0:00:32]} b3 {[%emt 0:00:10]} 43. Bc1 {[%emt 0:00:45]} b2 {[%emt 0:00:02]} 44. Bxb2 {[%emt 0:00:10]} Bxb2 {[%emt 0:00:02]} 45. f4 {[%emt 0:00:18]} Bf6+ {[%emt 0:01:10]} 46. Kg4 {[%emt 0:00:22]} Kb6 {[%emt 0:00:13]} 47. h5 {[%emt 0:00:17]} gxh5+ {[%emt 0:00:03]} 48. Kxh5 {[%emt 0:00:16]} Kc5 {[%emt 0:00:05]} 49. Kg4 {[%emt 0:00:07]} Kxc4 {[%emt 0:00:07]} 50. Kf3 {[%emt 0:01:51]} Kd4 {[%emt 0:00:05]} 0-1

[Event "DFMMLV 2019"]
[Site "Braunfels"]
[Date "2019.06.21"]
[Round "2.23"]
[White "Woniak, Katarzyna"]
[Black "Alhassan, Jodi"]
[Result "1-0"]
[WhiteElo "1915"]
[BlackElo "1108"]
[Annotator "NA RC"]
[PlyCount "53"]
[EventDate "2019.06.20"]
[EventType "team-tourn"]
[EventCountry "GER"]
[SourceTitle "playchess.com"]
[Source "ChessBase"]
[SourceQuality "1"]
[WhiteTeam "Bayern 1"]
[BlackTeam "Saarland"]
[TimeControl "40/5400+30:1800+30"]

1. d4 {[%emt 0:00:00]} d5 {[%emt 0:00:00]} 2. c4 {[%emt 0:00:00]} c6 {[%emt 0:00:00]} 3. cxd5 {[%emt 0:02:23]} cxd5 {[%emt 0:00:20]} 4. Nc3 {[%emt 0:00:11]} Nf6 {[%emt 0:01:36]} 5. Nf3 {[%emt 0:00:58]} Nc6 {[%emt 0:01:10]} 6. g3 {[%emt 0:09:56]} Bg4 {[%emt 0:08:45]} 7. Bg2 {[%emt 0:02:58]} e6 {[%emt 0:07:41]} 8. O-O {[%emt 0:00:10]} Be7 {[%emt 0:01:31]} 9. e3 {[%emt 0:12:15]} O-O {[%emt 0:18:20]} 10. b3 {[%emt 0:00:29]} Bb4 {[%emt 0:04:36]} 11. Ne2 {[%emt 0:04:48]} Ne4 {[%emt 0:21:03]} 12. h3 {[%emt 0:02:14]} Nc3 {[%emt 0:08:36]} 13. Nxc3 {[%emt 0:01:42]} Bxc3 {[%emt 0:00:35]} 14. hxg4 {[%emt 0:09:05]} Bxa1 {[%emt 0:00:27]} 15. Ba3 {[%emt 0:00:08]} Bc3 {[%emt 0:06:20]} 16. Bxf8 {[%emt 0:00:08]} Qxf8 {[%emt 0:01:01]} 17. g5 {[%emt 0:04:24]} Rc8 {[%emt 0:03:00]} 18. Nh2 {[%emt 0:03:27]} Qe7 {[%emt 0:02:54]} 19. Qh5 {[%emt 0:01:59]} Nb4 {[%emt 0:04:06]} 20. a3 {[%emt 0:01:08]} Nc6 {[%emt 0:02:34]} 21. b4 {[%emt 0:02:54]} a6 {[%emt 0:01:46]} 22. Rb1 {[%emt 0:01:55]} b5 {[%emt 0:01:59]} 23. Bf1 {[%emt 0:03:13]} g6 {[%emt 0:01:53]} 24. Qh4 {[%emt 0:02:19]} Rc7 {[%emt 0:00:30]} 25. Ng4 {[%emt 0:00:54]} Kf8 {[%emt 0:00:44]} 26. Nf6 {[%emt 0:02:53]} h5 {[%emt 0:00:54]} 27. gxh6 {[%emt 0:00:20]} 1-0

[Event "DFMMLV 2019"]
[Site "Braunfels"]
[Date "2019.06.21"]
[Round "2.25"]
[White "Braeutigam, Irina"]
[Black "Hess, Olena"]
[Result "1/2-1/2"]
[WhiteElo "1973"]
[BlackElo "2097"]
[Annotator "NA RC"]
[PlyCount "24"]
[EventDate "2019.06.20"]
[EventType "team-tourn"]
[EventCountry "GER"]
[SourceTitle "playchess.com"]
[Source "ChessBase"]
[SourceQuality "1"]
[WhiteTeam "Schleswig Holstein"]
[BlackTeam "NRW"]
[TimeControl "40/5400+30:1800+30"]

1. c4 {[%emt 0:00:00]} d6 {[%emt 0:00:07]} 2. Nc3 {[%emt 0:00:00]} c5 {[%emt 0:00:58]} 3. g3 {[%emt 0:00:00]} Nc6 {[%emt 0:00:21]} 4. Bg2 {[%emt 0:00:08]} g6 {[%emt 0:00:27]} 5. e3 {[%emt 0:01:34]} Bg7 {[%emt 0:00:30]} 6. Nge2 {[%emt 0:00:06]} Nf6 {[%emt 0:08:20]} 7. d4 {[%emt 0:07:22]} cxd4 {[%emt 0:01:03]} 8. Nxd4 {[%emt 0:06:43]} Bd7 {[%emt 0:03:32]} 9. Qd2 {[%emt 0:07:53]} O-O {[%emt 0:01:52]} 10. O-O {[%emt 0:00:29]} Qb6 {[%emt 0:03:44]} 11. b3 {[%emt 0:04:19]} Rfe8 {[%emt 0:06:59]} 12. Bb2 {[%emt 0:01:38]} Qa5 {[%emt 0:11:46]} 1/2-1/2

[Event "DFMMLV 2019"]
[Site "Braunfels"]
[Date "2019.06.21"]
[Round "2.26"]
[White "Plass, Mariana-Camelia"]
[Black "Glinzner, Alva"]
[Result "0-1"]
[WhiteElo "2042"]
[BlackElo "1833"]
[Annotator "NA RC"]
[PlyCount "90"]
[EventDate "2019.06.20"]
[EventType "team-tourn"]
[EventCountry "GER"]
[SourceTitle "playchess.com"]
[Source "ChessBase"]
[SourceQuality "1"]
[WhiteTeam "NRW"]
[BlackTeam "Schleswig Holstein"]
[TimeControl "40/5400+30:1800+30"]

1. d4 {[%emt 0:00:00]} Nf6 {[%emt 0:00:00]} 2. c4 {[%emt 0:00:00]} e6 {[%emt 0:00:00]} 3. g3 {[%emt 0:00:08]} d5 {[%emt 0:00:00]} 4. Bg2 {[%emt 0:00:09]} Be7 {[%emt 0:00:20]} 5. Nf3 {[%emt 0:00:13]} Nbd7 {[%emt 0:00:33]} 6. O-O {[%emt 0:00:51]} O-O {[%emt 0:00:12]} 7. Qc2 {[%emt 0:00:38]} b6 {[%emt 0:02:32]} 8. Nbd2 {[%emt 0:03:20]} Bb7 {[%emt 0:00:17]} 9. b3 {[%emt 0:01:17]} c5 {[%emt 0:02:30]} 10. Bb2 {[%emt 0:00:06]} Rc8 {[%emt 0:00:46]} 11. Ne5 {[%emt 0:06:36]} Nxe5 {[%emt 0:08:53]} 12. dxe5 {[%emt 0:06:41]} Nd7 {[%emt 0:00:38]} 13. Rad1 {[%emt 0:13:26]} Qc7 {[%emt 0:02:10]} 14. cxd5 {[%emt 0:04:32]} exd5 {[%emt 0:00:40]} 15. Bh3 {[%emt 0:00:23]} Rcd8 {[%emt 0:02:04]} 16. e6 {[%emt 0:00:30]} Nf6 {[%emt 0:08:55]} 17. exf7+ {[%emt 0:00:42]} Kxf7 {[%emt 0:00:21]} 18. Nf3 {[%emt 0:08:41]} Kg8 {[%emt 0:14:45]} 19. Ng5 {[%emt 0:04:30]} d4 {[%emt 0:01:11]} 20. Qc4+ {[%emt 0:01:54]} Kh8 {[%emt 0:00:46]} 21. Bg2 {[%emt 0:09:57]} Bxg2 {[%emt 0:08:20]} 22. Kxg2 {[%emt 0:00:02]} Qc6+ {[%emt 0:00:06]} 23. Kg1 {[%emt 0:00:06]} Nd5 {[%emt 0:00:12]} 24. Nf3 {[%emt 0:03:52]} Qf6 {[%emt 0:01:55]} 25. a3 {[%emt 0:10:02]} Qf5 {[%emt 0:03:17]} 26. Kg2 {[%emt 0:01:22]} Qg6 {[%emt 0:03:10]} 27. Bc1 {[%emt 0:12:21]} Nc3 {[%emt 0:02:08]} 28. Rde1 {[%emt 0:01:19]} Qc6 {[%emt 0:01:43]} 29. Qd3 {[%emt 0:01:42]} b5 {[%emt 0:08:14]} 30. Bf4 {[%emt 0:00:34]} c4 {[%emt 0:02:28]} 31. Qc2 {[%emt 0:03:12]} Bxa3 {[%emt 0:00:51]} 32. Kg1 {[%emt 0:00:12]} Bb4 {[%emt 0:01:14]} 33. Ne5 {[%emt 0:01:32]} Qe6 {[%emt 0:00:46]} 34. bxc4 {[%emt 0:00:35]} bxc4 {[%emt 0:00:26]} 35. h4 {[%emt 0:00:44]} Nd5 {[%emt 0:02:51]} 36. Rb1 {[%emt 0:01:47]} Bc3 {[%emt 0:10:05]} 37. Qc1 {[%emt 0:03:06]} a5 {[%emt 0:04:29]} 38. e4 {[%emt 0:00:53]} dxe3 {[%emt 0:02:06]} 39. Nxc4 {[%emt 0:00:40]} Nxf4 {[%emt 0:00:23]} 40. Qxe3 {[%emt 0:00:28]} Ne2+ {[%emt 0:01:05]} 41. Kh2 {[%emt 0:30:29]} Qxc4 {[%emt 0:30:11]} 42. Rfd1 {[%emt 0:00:00]} Bd4 {[%emt 0:00:00]} 43. Qg5 {[%emt 0:00:00]} Rxf2+ {[%emt 0:00:00]} 44. Kh3 {[%emt 0:00:00]} Qc8+ {[%emt 0:00:00]} 45. g4 {[%emt 0:00:00]} Qc3+ {[%emt 0:00:00]} 0-1

[Event "DFMMLV 2019"]
[Site "Braunfels"]
[Date "2019.06.21"]
[Round "2.27"]
[White "Leib, Britta"]
[Black "Sokolskaja, Victorjja"]
[Result "1/2-1/2"]
[WhiteElo "1884"]
[BlackElo "1961"]
[Annotator "NA RC"]
[PlyCount "30"]
[EventDate "2019.06.20"]
[EventType "team-tourn"]
[EventCountry "GER"]
[SourceTitle "playchess.com"]
[Source "ChessBase"]
[SourceQuality "1"]
[WhiteTeam "Schleswig Holstein"]
[BlackTeam "NRW"]
[TimeControl "40/5400+30:1800+30"]

1. e4 {[%emt 0:00:00]} c6 {[%emt 0:00:00]} 2. Nf3 {[%emt 0:00:00]} d5 {[%emt 0:00:54]} 3. Nc3 {[%emt 0:00:33]} dxe4 {[%emt 0:01:32]} 4. Nxe4 {[%emt 0:00:29]} Bg4 {[%emt 0:00:36]} 5. h3 {[%emt 0:01:09]} Bh5 {[%emt 0:06:03]} 6. Ng3 {[%emt 0:09:20]} Bxf3 {[%emt 0:00:36]} 7. Qxf3 {[%emt 0:00:04]} Nf6 {[%emt 0:00:38]} 8. Bc4 {[%emt 0:04:56]} e6 {[%emt 0:00:56]} 9. c3 {[%emt 0:05:13]} Qc7 {[%emt 0:06:38]} 10. d4 {[%emt 0:03:22]} Nbd7 {[%emt 0:02:40]} 11. O-O {[%emt 0:13:24]} Bd6 {[%emt 0:01:18]} 12. Re1 {[%emt 0:02:32]} O-O {[%emt 0:04:06]} 13. Nh5 {[%emt 0:09:17]} Nxh5 {[%emt 0:10:58]} 14. Qxh5 {[%emt 0:00:04]} Nf6 {[%emt 0:03:20]} 15. Qh4 {[%emt 0:01:18]} Qd8 1/2-1/2

[Event "DFMMLV 2019"]
[Site "Braunfels"]
[Date "2019.06.21"]
[Round "2.28"]
[White "Sokalskaja, Elena"]
[Black "Gressmann, Hanna"]
[Result "1/2-1/2"]
[WhiteElo "2014"]
[BlackElo "1840"]
[Annotator "NA RC"]
[PlyCount "86"]
[EventDate "2019.06.20"]
[EventType "team-tourn"]
[EventCountry "GER"]
[SourceTitle "playchess.com"]
[Source "ChessBase"]
[SourceQuality "1"]
[WhiteTeam "NRW"]
[BlackTeam "Schleswig Holstein"]
[TimeControl "40/5400+30:1800+30"]

1. d4 {[%emt 0:00:00]} d6 {[%emt 0:00:00]} 2. Nf3 {[%emt 0:00:00]} Nf6 {[%emt 0:00:00]} 3. g3 {[%emt 0:00:00]} Nbd7 {[%emt 0:00:04]} 4. Bg2 {[%emt 0:00:00]} c6 {[%emt 0:00:23]} 5. c4 {[%emt 0:00:00]} e5 {[%emt 0:00:51]} 6. dxe5 {[%emt 0:01:03]} dxe5 {[%emt 0:00:17]} 7. O-O {[%emt 0:00:04]} Qc7 {[%emt 0:00:58]} 8. Nc3 {[%emt 0:00:03]} Be7 {[%emt 0:01:03]} 9. Qc2 {[%emt 0:01:21]} h6 {[%emt 0:02:46]} 10. b3 {[%emt 0:02:36]} O-O {[%emt 0:04:36]} 11. Bb2 {[%emt 0:06:30]} Re8 {[%emt 0:02:37]} 12. Rfd1 {[%emt 0:04:51]} Bf8 {[%emt 0:03:44]} 13. e3 {[%emt 0:00:52]} a5 {[%emt 0:03:53]} 14. a3 {[%emt 0:03:14]} g6 {[%emt 0:07:46]} 15. Nh4 {[%emt 0:08:33]} Qb6 {[%emt 0:12:27]} 16. Na4 {[%emt 0:03:07]} Qc7 {[%emt 0:02:35]} 17. c5 {[%emt 0:00:42]} Bg7 {[%emt 0:04:58]} 18. Rd2 {[%emt 0:04:07]} Rb8 {[%emt 0:03:30]} 19. Bc3 {[%emt 0:14:39]} Ra8 {[%emt 0:07:17]} 20. Rad1 {[%emt 0:01:55]} b5 {[%emt 0:05:15]} 21. cxb6 {[%emt 0:00:36]} Nxb6 {[%emt 0:00:19]} 22. Nc5 {[%emt 0:01:51]} Nbd5 {[%emt 0:02:41]} 23. Bb2 {[%emt 0:00:52]} Qe7 {[%emt 0:03:53]} 24. e4 {[%emt 0:03:17]} Nb6 {[%emt 0:02:38]} 25. Rd6 {[%emt 0:04:53]} Qc7 {[%emt 0:03:11]} 26. R6d2 {[%emt 0:06:25]} Nbd7 {[%emt 0:01:53]} 27. Na4 {[%emt 0:05:42]} Bb7 {[%emt 0:02:16]} 28. Bh3 {[%emt 0:01:39]} Nf8 {[%emt 0:03:58]} 29. Nc5 {[%emt 0:00:13]} Bc8 {[%emt 0:00:43]} 30. Bxc8 {[%emt 0:01:04]} Raxc8 {[%emt 0:00:40]} 31. Nf3 {[%emt 0:00:49]} N6h7 {[%emt 0:03:22]} 32. Qc4 {[%emt 0:02:28]} Ng5 {[%emt 0:08:19]} 33. Nxg5 {[%emt 0:01:47]} hxg5 {[%emt 0:00:05]} 34. Rd6 {[%emt 0:04:06]} Red8 {[%emt 0:02:13]} 35. Rxd8 {[%emt 0:03:32]} Rxd8 {[%emt 0:00:12]} 36. Rxd8 {[%emt 0:00:17]} Qxd8 {[%emt 0:00:05]} 37. Nd3 {[%emt 0:00:19]} Qd6 {[%emt 0:01:35]} 38. b4 {[%emt 0:02:09]} axb4 {[%emt 0:02:18]} 39. Nxb4 {[%emt 0:01:28]} c5 {[%emt 0:00:55]} 40. Qd5 {[%emt 0:05:32]} Qc7 {[%emt 0:03:05]} 41. Qc6 {[%emt 0:36:24]} Qa5 {[%emt 0:08:45]} 42. Nd3 {[%emt 0:00:00]} Qd2 {[%emt 0:01:06]} 43. Qd5 {[%emt 0:00:00]} g4 {[%emt 0:02:09]} 1/2-1/2

[Event "DFMMLV 2019"]
[Site "Braunfels"]
[Date "2019.06.21"]
[Round "2.29"]
[White "Franzenburg, Maria"]
[Black "Schmidt, Andrea"]
[Result "0-1"]
[WhiteElo "1860"]
[BlackElo "2006"]
[Annotator "NA RC"]
[PlyCount "90"]
[EventDate "2019.06.20"]
[EventType "team-tourn"]
[EventCountry "GER"]
[SourceTitle "playchess.com"]
[Source "ChessBase"]
[SourceQuality "1"]
[WhiteTeam "Schleswig Holstein"]
[BlackTeam "NRW"]
[TimeControl "40/5400+30:1800+30"]

1. f4 {[%emt 0:00:03]} Nf6 {[%emt 0:02:23]} 2. Nf3 {[%emt 0:00:38]} Nc6 {[%emt 0:06:11]} 3. g3 {[%emt 0:01:38]} d6 {[%emt 0:04:24]} 4. Bg2 {[%emt 0:00:17]} g6 {[%emt 0:01:44]} 5. O-O {[%emt 0:01:00]} Bg7 {[%emt 0:00:04]} 6. d3 {[%emt 0:01:32]} Bg4 {[%emt 0:04:59]} 7. Qe1 {[%emt 0:02:03]} Qc8 {[%emt 0:02:51]} 8. e4 {[%emt 0:03:08]} Bxf3 {[%emt 0:03:55]} 9. Bxf3 {[%emt 0:01:33]} Nd4 {[%emt 0:01:37]} 10. Na3 {[%emt 0:01:59]} Nxf3+ {[%emt 0:03:39]} 11. Rxf3 {[%emt 0:00:08]} Qh3 {[%emt 0:06:47]} 12. Qf1 {[%emt 0:02:53]} Qxf1+ {[%emt 0:02:03]} 13. Rxf1 {[%emt 0:00:45]} a6 {[%emt 0:00:50]} 14. c3 {[%emt 0:00:45]} O-O {[%emt 0:02:07]} 15. Nc2 {[%emt 0:01:19]} e6 {[%emt 0:02:29]} 16. Bd2 {[%emt 0:02:37]} Nd7 17. Rf3 {[%emt 0:08:10]} f5 {[%emt 0:07:09]} 18. exf5 {[%emt 0:03:45]} exf5 {[%emt 0:00:58]} 19. Re1 {[%emt 0:03:19]} Rfe8 {[%emt 0:00:41]} 20. Rfe3 {[%emt 0:01:39]} Kf7 {[%emt 0:01:38]} 21. Rxe8 {[%emt 0:01:12]} Rxe8 {[%emt 0:00:06]} 22. Rxe8 {[%emt 0:00:04]} Kxe8 {[%emt 0:00:04]} 23. Be3 {[%emt 0:01:18]} Ke7 {[%emt 0:02:36]} 24. Kf2 {[%emt 0:04:18]} Nf6 {[%emt 0:05:36]} 25. h3 {[%emt 0:01:06]} Nd7 {[%emt 0:05:18]} 26. Kf3 {[%emt 0:02:20]} d5 {[%emt 0:02:20]} 27. Ke2 {[%emt 0:03:36]} Ke6 {[%emt 0:05:11]} 28. Kd2 {[%emt 0:02:19]} c5 {[%emt 0:04:05]} 29. a4 {[%emt 0:06:38]} Bf6 {[%emt 0:01:15]} 30. Ne1 {[%emt 0:08:30]} d4 {[%emt 0:05:38]} 31. cxd4 {[%emt 0:01:25]} cxd4 {[%emt 0:00:14]} 32. Bf2 {[%emt 0:00:59]} Nc5 {[%emt 0:00:27]} 33. Nc2 {[%emt 0:01:31]} Nxa4 {[%emt 0:02:21]} 34. Nxd4+ {[%emt 0:07:37]} Kd5 {[%emt 0:01:40]} 35. b3 {[%emt 0:01:39]} Nc5 {[%emt 0:02:56]} 36. Kc3 {[%emt 0:01:24]} Nd7 {[%emt 0:01:01]} 37. g4 {[%emt 0:01:39]} Nb8 {[%emt 0:00:34]} 38. Kc2 {[%emt 0:05:45]} Bxd4 {[%emt 0:00:11]} 39. Bg3 {[%emt 0:00:08]} Nc6 {[%emt 0:00:33]} 40. Bh4 {[%emt 0:03:11]} b5 {[%emt 0:00:43]} 41. Bg5 {[%emt 0:30:55]} Be3 {[%emt 0:31:32]} 42. Kc3 {[%emt 0:01:50]} b4+ {[%emt 0:00:44]} 43. Kc2 {[%emt 0:00:42]} Nd4+ {[%emt 0:00:59]} 44. Kb2 {[%emt 0:00:34]} Ne6 {[%emt 0:00:14]} 45. Be7 {[%emt 0:02:32]} Bc5 {[%emt 0:00:31]} 0-1

[Event "DFMMLV 2019"]
[Site "Braunfels"]
[Date "2019.06.21"]
[Round "2.30"]
[White "Hiebsch, Catalina"]
[Black "Mundt, Alexandra"]
[Result "1-0"]
[WhiteElo "1760"]
[BlackElo "1797"]
[Annotator "NA RC"]
[PlyCount "31"]
[EventDate "2019.06.20"]
[EventType "team-tourn"]
[EventCountry "GER"]
[SourceTitle "playchess.com"]
[Source "ChessBase"]
[SourceQuality "1"]
[WhiteTeam "NRW"]
[BlackTeam "Schleswig Holstein"]
[TimeControl "40/5400+30:1800+30"]

1. e4 {[%emt 0:00:00]} e5 {[%emt 0:00:00]} 2. Nf3 {[%emt 0:00:00]} Nf6 {[%emt 0:00:00]} 3. Nc3 {[%emt 0:01:16]} Bb4 {[%emt 0:00:13]} 4. Bc4 {[%emt 0:02:02]} d6 {[%emt 0:00:50]} 5. d3 {[%emt 0:01:03]} h6 {[%emt 0:00:19]} 6. Bd2 {[%emt 0:04:02]} Bg4 {[%emt 0:01:40]} 7. a3 {[%emt 0:03:22]} Ba5 {[%emt 0:02:21]} 8. h3 {[%emt 0:07:00]} Bh5 {[%emt 0:00:25]} 9. g4 {[%emt 0:04:25]} Bg6 {[%emt 0:00:07]} 10. Nh4 {[%emt 0:03:34]} Nxe4 {[%emt 0:06:56]} 11. Nxg6 {[%emt 0:01:22]} Nxc3 {[%emt 0:00:19]} 12. Qf3 {[%emt 0:01:11]} d5 {[%emt 0:00:59]} 13. Nxh8 {[%emt 0:01:36]} Qd7 {[%emt 0:07:04]} 14. Bb3 {[%emt 0:04:55]} Ne4 {[%emt 0:12:47]} 15. Bxa5 {[%emt 0:04:14]} Nf6 {[%emt 0:00:46]} 16. Qf5 {[%emt 0:04:15]} 1-0